ბათუმის შოთა რუსთაველის სახელმწიფო უნივერსიტეტის ბიბლიოთეკა

English Unlimited Elementary : (ბიბ.ჩანაწერი № 57561)

000 -LEADER
fixed length control field 00902nam a22002177a 4500
005 - DATE AND TIME OF LATEST TRANSACTION
control field 20201109150018.0
008 - FIXED-LENGTH DATA ELEMENTS--GENERAL INFORMATION
fixed length control field 200731s2015 eng||||| |||| 00| 0 enk d
020 ## - INTERNATIONAL STANDARD BOOK NUMBER
International Standard Book Number 9780521697729
041 ## - LANGUAGE CODE
Language code of text/sound track or separate title eng
080 ## - UNIVERSAL DECIMAL CLASSIFICATION NUMBER
Universal Decimal Classification number 811.111.1 E-56
245 ## - TITLE STATEMENT
Title English Unlimited Elementary :
Remainder of title A2. Coursebook with e-Portfolio /
Statement of responsibility, etc. Alex Tilbury (Author), Theresa Clementson (Author), Leslie Anne Hendra (Author), David Rea (Author), Adrian Doff (Consultant Editor)
264 ## - PRODUCTION, PUBLICATION, DISTRIBUTION, MANUFACTURE, AND COPYRIGHT NOTICE
Place of production, publication, distribution, manufacture Cambridge :
Name of producer, publisher, distributor, manufacturer Cambridge University Press,
Date of production, publication, distribution, manufacture, or copyright notice 2015.
300 ## - PHYSICAL DESCRIPTION
Extent 160 pages
Other physical details 30 cm.
Dimensions ill. +1CD
653 ## - INDEX TERM--UNCONTROLLED
keyword ინგლისური ენა
653 ## - INDEX TERM--UNCONTROLLED
keyword გრამატიკა
700 ## - ADDED ENTRY--PERSONAL NAME
Personal name Tilbury, Alex
Relator term ავტორი
9 (RLIN) 3162
700 ## - ADDED ENTRY--PERSONAL NAME
Personal name Clementson, Theresa
Relator term ავტორი
9 (RLIN) 3160
700 ## - ADDED ENTRY--PERSONAL NAME
Personal name Leslie Anne Hendra
Relator term ავტორი
9 (RLIN) 3161
700 ## - ADDED ENTRY--PERSONAL NAME
Personal name David Rea
Relator term ავტორი
9 (RLIN) 9084
942 ## - ADDED ENTRY ELEMENTS (KOHA)
Source of classification or shelving scheme
Koha item type წიგნი
ეგზემპლარები
Withdrawn status Lost status Source of classification or shelving scheme Materials specified (bound volume or other part) Damaged status Not for loan Permanent Location Current Location Shelving location Date acquired Cost, normal purchase price Full call number Barcode Date last seen Copy number Price effective from Koha item type Public note
      +1 cd     ბათუმის შოთა რუსთაველის სახელმწიფო უნივერსიტეტის მთავარი ბიბლიოთეკა ბათუმის შოთა რუსთაველის სახელმწიფო უნივერსიტეტის მთავარი ბიბლიოთეკა წიგნსაცავი 2020-07-31 102.00 811.111.1 E-56 60744 2020-07-31 60744 2020-07-31 წიგნი 102 ლ.